Adolescencia, posmodernidad y escuela secundaria /
Guardado en:
| Autor Principal: | |
|---|---|
| Otros Autores: | |
| Formato: | Libro |
| Publicado: |
Buenos Aires :
Kapelusz,
1992
|
| Series: | Bibl. de Actualizaci¢n pedag¢g
|
| Materias: | |
| Etiquetas: |
Agregar Etiqueta
Sin Etiquetas, Sea el primero en etiquetar este registro!
|
| LEADER | 01023nam a22002655a 4500 | ||
|---|---|---|---|
| 001 | CEM.cems007245 | ||
| 005 | 20060214000000.0 | ||
| 008 | 130507s1992##################000#0#####d | ||
| 003 | CEMS | ||
| 082 | 0 | 4 | |a 370.19 |
| 100 | 1 | |a Obiols, Guillermo A. | |
| 245 | 1 | 0 | |a Adolescencia, posmodernidad y escuela secundaria / |
| 260 | |a Buenos Aires : |b Kapelusz, |c 1992 | ||
| 300 | |a 136 p. | ||
| 490 | 0 | |a Bibl. de Actualizaci¢n pedag¢g | |
| 505 | 0 | |a Contenido: Modernidad y posmodernidad: elementos para entender un debate.-II: Ser adolescente en la posmodernidad.-III: La crisis de la escuela secundaria.- | |
| 653 | |a Educacion | ||
| 653 | |a Educacion y posmodernidad | ||
| 653 | |a Escuela secundaria-crisis | ||
| 653 | |a Posmodernidad | ||
| 653 | |a Sociologia de la educacion | ||
| 700 | 1 | |a Di Segni De Obiols, Silvia | |
| 859 | |a CEMS |b BIB. CEMS - 11 de abril |h 370.19 |i Ob3 |p 17059.93 |t Ej.1 | ||
| 859 | |a CEMS |b BIB. CEMS - 11 de abril |h 370.19 |i Ob3 |p 17165.93 |t Ej.2 | ||
| 859 | |a CEMS |b BIB. CEMS - 11 de abril |h 370.19 |i Ob3 |p 17166.93 |t Ej.3 | ||
